[Event "SRB-chT 2nd League"]
[Site "Vrnjacka Banja"]
[Date "2022.11.08"]
[Round "7.2"]
[White "Stankovic, Milos M"]
[Black "Zolotic, Zoran"]
[Result "1-0"]
[WhiteElo "2170"]
[BlackElo "2245"]
[PlyCount "69"]
[EventDate "2022.11.04"]
[EventType "team-tourn"]
[EventRounds "11"]
[EventCountry "SRB"]
[SourceTitle "CBM 211 Extra"]
[Source "ChessBase"]
[SourceDate "2023.01.31"]
[SourceVersion "1"]
[SourceVersionDate "2023.01.31"]
[SourceQuality "1"]
[WhiteTeam "Nova Pazova Mladost"]
[BlackTeam "Mladenovo"]
[WhiteTeamCountry "SRB"]
[BlackTeamCountry "SRB"]

1. d4 d5 2. Nf3 Nf6 3. g3 c6 4. Bg2 g6 5. 0-0 Bg7 6. c4 0-0 7. Nc3 dxc4 8. a4 Nbd7 9. e4 a5 10. h3 Re8 11. Bf4 e6 12. Qe2 Nb6 13. Rfd1 Qe7 14. Be5 Nfd7 15. Bxg7 Kxg7 16. e5 Qb4 17. Ng5 h6 18. Nge4 Nd5 19. Nd6 Rf8 20. Rdc1 N7b6 21. Be4 Nd7 22. h4 Qb6 23. Rd1 Nb4 24. h5 Qd8 25. hxg6 fxg6 26. f4 Rg8 27. Kg2 Nd5 28. Rh1 Nf8 29. Rae1 b6 30. Qg4 Rh8 31. Rh2 Ra7 32. Bxd5 cxd5 33. Reh1 Bd7 34. Rxh6 Rxh6 35. Rxh6 1-0

[Event "SRB-chT 2nd League"]
[Site "Vrnjacka Banja"]
[Date "2022.11.05"]
[Round "2.5"]
[White "Kostic, Branimir"]
[Black "Zolotic, Zoran"]
[Result "1-0"]
[WhiteElo "2143"]
[BlackElo "2245"]
[PlyCount "91"]
[EventDate "2022.11.04"]
[EventType "team-tourn"]
[EventRounds "11"]
[EventCountry "SRB"]
[SourceTitle "CBM 211 Extra"]
[Source "ChessBase"]
[SourceDate "2023.01.31"]
[SourceVersion "1"]
[SourceVersionDate "2023.01.31"]
[SourceQuality "1"]
[WhiteTeam "Pancevo Gligoric"]
[BlackTeam "Mladenovo"]
[WhiteTeamCountry "SRB"]
[BlackTeamCountry "SRB"]

1. d4 d5 2. Nf3 Nf6 3. c4 c6 4. Nc3 e6 5. e3 Be7 6. Bd3 0-0 7. 0-0 Nbd7 8. Qe2 Re8 9. e4 dxe4 10. Nxe4 Nxe4 11. Qxe4 Nf8 12. b3 Bf6 13. Bb2 Qc7 14. Ne5 c5 15. f4 Rb8 16. dxc5 Qxc5+ 17. Bd4 Qa3 18. Qe3 a6 19. Bc5 Qa5 20. b4 Qa4 21. Bd6 Ra8 22. a3 Be7 23. Bxe7 Rxe7 24. Rf2 f6 25. Nf3 Qc6 26. c5 Bd7 27. Nd4 Qc7 28. Nf5 Ree8 29. Nd6 Re7 30. Bc4 Kh8 31. Rd1 Be8 32. Rfd2 Bc6 33. Bb3 Rb8 34. a4 Be8 35. a5 Bc6 36. Re1 Ra8 37. Bc4 Rb8 38. Rde2 Ra8 39. Qb3 g6 40. Bxe6 Kg7 41. f5 Rd8 42. Qg3 Bd7 43. Bxd7 Rxe2 44. Rxe2 Qxd7 45. fxg6 Nxg6 46. Re7+ 1-0

[Event "Vojvodina-chT 21st"]
[Site "Backa Palanka"]
[Date "2021.10.24"]
[Round "2.3"]
[White "Zolotic, Zoran"]
[Black "Desnica, Vladan"]
[Result "0-1"]
[WhiteElo "2247"]
[BlackElo "2303"]
[PlyCount "60"]
[EventDate "2021.10.23"]
[EventType "team-tourn"]
[EventRounds "11"]
[EventCountry "SRB"]
[SourceTitle "CBM 204 Extra"]
[Source "ChessBase"]
[SourceDate "2021.11.30"]
[SourceVersion "1"]
[SourceVersionDate "2021.11.30"]
[SourceQuality "1"]
[WhiteTeam "Mladenovo"]
[BlackTeam "Petrovaradin Kraljica"]
[WhiteTeamCountry "SRB"]
[BlackTeamCountry "SRB"]

1. Nf3 d5 2. d4 e6 3. g3 Nf6 4. Bg2 Be7 5. 0-0 0-0 6. c4 dxc4 7. Qa4 a6 8. Qxc4 b5 9. Qc2 Bb7 10. Nbd2 Nbd7 11. b3 Rc8 12. Bb2 c5 13. dxc5 Nxc5 14. Rad1 Na4 15. Qb1 Nxb2 16. Qxb2 Qb6 17. Ne5 Bxg2 18. Kxg2 Rfd8 19. Ndf3 Ne4 20. Rxd8+ Bxd8 21. e3 f6 22. Nd3 Rc3 23. Rd1 Qc7 24. Nde1 Be7 25. Nd2 Nxd2 26. Rxd2 Qc6+ 27. Kf1 Qh1+ 28. Ke2 Rc7 29. Nf3 Rc1 30. Nd4 Bb4 0-1

[Event "SRB-chT2 Vojvodina League"]
[Site "Kac"]
[Date "2012.10.17"]
[Round "5"]
[White "Zolotic, Zoran"]
[Black "Brindza, Istvan"]
[Result "1-0"]
[WhiteElo "2237"]
[BlackElo "2014"]
[PlyCount "95"]
[EventDate "2012.10.14"]
[EventType "team-swiss"]
[EventRounds "11"]
[EventCountry "SRB"]
[SourceTitle "EXT 2015"]
[Source "ChessBase"]
[SourceDate "2014.11.20"]
[SourceVersion "1"]
[SourceVersionDate "2014.11.20"]
[SourceQuality "1"]

1. d4 d5 2. c4 e6 3. Nc3 Nf6 4. Bg5 Nbd7 5. e3 c6 6. cxd5 exd5 7. Bd3 Be7 8. Nge2 h6 9. Bh4 0-0 10. Qc2 Re8 11. 0-0 Ne4 12. Bg3 Nxc3 13. bxc3 Nf6 14. Rfb1 Bd6 15. c4 dxc4 16. Bxc4 Ne4 17. Bd3 Bxg3 18. hxg3 Qe7 19. Bxe4 Qxe4 20. Qxe4 Rxe4 21. Nc3 Re7 22. e4 Be6 23. Rd1 Rc8 24. Rd2 Rec7 25. f3 Kf8 26. Kf2 Ke7 27. g4 f6 28. Nd1 Rd8 29. Ne3 Rcd7 30. Rad1 Rc7 31. f4 Kf8 32. g3 Rd6 33. f5 Bf7 34. e5 fxe5 35. dxe5 Rxd2+ 36. Rxd2 Bd5 37. e6 b5 38. Nxd5 cxd5 39. Rxd5 Rb7 40. Ke3 Ke7 41. Kd4 b4 42. Kc5 b3 43. axb3 Rxb3 44. Rd7+ Kf8 45. Rf7+ Kg8 46. Rxa7 Rd3 47. Ra8+ Kh7 48. e7 1-0

[Event "SRB-chT2 Vojvodina League"]
[Site "Kac"]
[Date "2012.10.17"]
[Round "6"]
[White "Zolotic, Zoran"]
[Black "Ivanovic, Miroslav"]
[Result "1-0"]
[WhiteElo "2237"]
[BlackElo "2104"]
[PlyCount "57"]
[EventDate "2012.10.14"]
[EventType "team-swiss"]
[EventRounds "11"]
[EventCountry "SRB"]
[SourceTitle "EXT 2015"]
[Source "ChessBase"]
[SourceDate "2014.11.20"]
[SourceVersion "1"]
[SourceVersionDate "2014.11.20"]
[SourceQuality "1"]

1. d4 e6 2. c4 Nf6 3. Nc3 Bb4 4. Qb3 Nc6 5. e3 d5 6. a3 Bd6 7. cxd5 exd5 8. Bd3 0-0 9. Nge2 a6 10. Qc2 Re8 11. h3 Ne7 12. b4 c6 13. Bb2 Ng6 14. g3 Be6 15. Na4 Qe7 16. Nc5 Bc8 17. Bf5 b6 18. Na4 Rb8 19. Bxc8 Rexc8 20. 0-0 Ne4 21. Nac3 Ng5 22. Qf5 Qf6 23. Qxf6 gxf6 24. Kg2 f5 25. Rfc1 Ne4 26. Rc2 Ne7 27. Rac1 Bc7 28. b5 cxb5 29. Nxe4 1-0

[Event "SRB-chT2 Vojvodina League"]
[Site "Kac"]
[Date "2012.10.16"]
[Round "4"]
[White "Zolotic, Zoran"]
[Black "Marcak, Dejan"]
[Result "1/2-1/2"]
[WhiteElo "2237"]
[BlackElo "2152"]
[PlyCount "53"]
[EventDate "2012.10.14"]
[EventType "team-swiss"]
[EventRounds "11"]
[EventCountry "SRB"]
[SourceTitle "EXT 2015"]
[Source "ChessBase"]
[SourceDate "2014.11.20"]
[SourceVersion "1"]
[SourceVersionDate "2014.11.20"]
[SourceQuality "1"]

1. Nf3 c5 2. c4 Nc6 3. Nc3 g6 4. b3 Nf6 5. Bb2 Bg7 6. g3 0-0 7. Bg2 d6 8. 0-0 Bf5 9. d4 cxd4 10. Nxd4 Nxd4 11. Qxd4 Ne4 12. Qe3 Nxc3 13. Bxc3 Bxc3 14. Qxc3 Qc7 15. Rac1 Rac8 16. Rfe1 b6 17. e4 Be6 18. Qd2 Qc5 19. h3 Rc7 20. Kh2 Bc8 21. Qf4 f6 22. Qd2 Bb7 23. h4 a5 24. Bh3 Bc8 25. Bg2 Kg7 26. f4 Bg4 27. Qb2 1/2-1/2

[Event "Vojvodina-chT2"]
[Site "Vrbas"]
[Date "2011.10.01"]
[Round "10"]
[White "Zolotic, Zoran"]
[Black "Marcak, Dejan"]
[Result "1-0"]
[WhiteElo "2238"]
[BlackElo "2154"]
[PlyCount "143"]
[EventDate "2011.09.25"]
[EventType "team-tourn"]
[EventRounds "11"]
[EventCountry "SRB"]
[SourceTitle "CBM 144 Extra"]
[Source "ChessBase"]
[SourceDate "2011.10.28"]
[SourceVersion "1"]
[SourceVersionDate "2011.10.28"]
[SourceQuality "1"]

1. Nf3 c5 2. c4 Nc6 3. g3 g6 4. Bg2 Bg7 5. Nc3 Nf6 6. 0-0 0-0 7. d4 cxd4 8. Nxd4 a6 9. e4 Nxe4 10. Nxc6 Nxc3 11. Nxe7+ Qxe7 12. bxc3 Bxc3 13. Rb1 Rb8 14. Rb3 Qf6 15. Ba3 Re8 16. Bd6 Ra8 17. Bxb7 Bxb7 18. Rxb7 Re6 19. Bf4 d6 20. Qd5 Rae8 21. Rb6 Be5 22. Be3 a5 23. Qxa5 Bd4 24. Bxd4 Qxd4 25. Rc6 Re5 26. Qb6 Qc3 27. Rxd6 Qxc4 28. Qb3 Qc5 29. Rf6 R8e7 30. Rf4 Qc6 31. Rc4 Qa8 32. a4 Re1 33. Rc1 Rxf1+ 34. Rxf1 Ra7 35. Ra1 Ra5 36. Qb4 h5 37. Qf4 Kg7 38. Qd4+ Kg8 39. h3 Qc8 40. Re1 Ra8 41. Kh2 Qf5 42. Re4 Qa5 43. Qd7 Qc5 44. Kg2 Ra7 45. Qd8+ Kg7 46. Qd4+ Qxd4 47. Rxd4 Kf6 48. Kf3 Ke5 49. Ke3 g5 50. f4+ gxf4+ 51. gxf4+ Ke6 52. Kf3 Rb7 53. Rd3 Rb4 54. Ra3 Kf5 55. a5 Rxf4+ 56. Kg3 h4+ 57. Kg2 Rb4 58. a6 Rb8 59. a7 Ra8 60. Kf3 Kg5 61. Ra5+ f5 62. Ra6 f4 63. Ra5+ Kg6 64. Kxf4 Kf6 65. Kg4 Kg6 66. Kxh4 Kh6 67. Ra6+ Kh7 68. Kg5 Kg7 69. h4 Kf7 70. h5 Kg7 71. h6+ Kh7 72. Kf5 1-0

[Event "Vojvodina-chT"]
[Site "Pancevo"]
[Date "2007.09.26"]
[Round "4"]
[White "Nikcevic, Nebojsa"]
[Black "Zolotic, Zoran"]
[Result "1-0"]
[WhiteElo "2456"]
[BlackElo "2223"]
[PlyCount "93"]
[EventDate "2007.09.24"]
[EventType "team-tourn"]
[EventRounds "9"]
[EventCountry "SRB"]
[SourceTitle "EXT 2023"]
[Source "ChessBase"]
[SourceDate "2022.10.05"]
[SourceVersion "1"]
[SourceVersionDate "2022.10.05"]
[SourceQuality "1"]

1. c4 Nf6 2. Nc3 d5 3. cxd5 Nxd5 4. Nf3 g6 5. Qa4+ c6 6. Qd4 Nf6 7. Qxd8+ Kxd8 8. d4 Bg7 9. e4 Nbd7 10. Bc4 Ke8 11. 0-0 b5 12. Bd3 a6 13. b4 Bb7 14. a4 Kf8 15. e5 Ne8 16. Be4 f5 17. Bc2 e6 18. Nd2 Nc7 19. Nb3 Kf7 20. Na5 Ra7 21. Be3 Nd5 22. Nxd5 exd5 23. f4 Bf8 24. g4 Ke6 25. gxf5+ gxf5 26. Bd2 Nb6 27. axb5 axb5 28. Nxc6 Rxa1 29. Rxa1 Bxc6 30. Ra6 Nc4 31. Rxc6+ Kd7 32. Rxc4 bxc4 33. Bxf5+ Kc6 34. b5+ Kxb5 35. Bd7+ Kb6 36. f5 Rg8+ 37. Kf2 Rg4 38. Be3 Rh4 39. f6 Rxh2+ 40. Kg3 Re2 41. Kf3 Rxe3+ 42. Kxe3 Bh6+ 43. Ke2 Bg5 44. Bf5 h5 45. Bg6 h4 46. Kf3 Be3 47. e6 1-0